000 00625nam a22002055i 4500
001 13371
003 ES-MaACL
005 20230906150546.0
007 t|
008 930311s1991 sp ||||0| spa j
020 _a84-86637-04-X
040 _aM-BN
_bspa
_cM-BN
080 _a946.032
245 0 0 _aHistoria de Las Baleares /
_c[director y coordinador, Jorge Quiroga].
260 _a[Palma de Mallorca] :
_bFormentor,
_cD.L. 1991.
300 _a2 v. :
_bil. col. ;
_c30 cm.
651 4 _aBaleares (Comunidad Autónoma)-
_xHistoria.
_97858
700 1 _aQuiroga, Jorge.
_994772
852 _aES-MaACL
_jL-20702-3
_bR.126278
999 _c13371
_d13371